01816nam a2200217Ia 4500008004100000020001500041020001800056050001900074082001400093100003300107245009000140250001700230260003600247300005600283500015700339500007800496500015200574505081000726650002101536700004101557120603s2006 MX 000 0 SPA d a9701057775 a9789701057773 aHD31bC45 2006 a658 C532i aChiavenato, Idalbertoeautor1 aIntroducción a la teoría general de la administraciónc / Idalberto Chiavenato  a3a edición aMéxicob : McGraw-Hill,c2006 axxviii, 491 páginas bdiagrs., gráficas, tablas aCada capítulo incluye: resumen, referencia y glosario básico Traducido de la tercera edición: IntroduçÒo Ó teoria geral da administraçÒo aEDUCACION MIXTA Lic. en Contabilidad / Topicos Actuales / P28 / 09 001964 aEducacion Mixta Pedagogia ORGANIZACIÓN Y ADMINISTRACIÓN EDUCATIVA II P09 (06 002724) / Contadurua, TÓPICOS ACTUALES P28, L.2 (06 002781) aLa administración y sus perspectivas Antecedentes históricos de la administración Administración cintífica Teoría clásica de la administración Teoría de las relaciones humanas Implicaciones de la teoría de las relaciones humanas Teoría neoclásica de la asministración Implicaciones de la teoría neoclásica: tipos de organización Conceciencias de la teoría neoclásica: departamentalización Administración por objetivos (APO) Modelo burocrático de organización Teoría estructuralista de la administración Teoría del comportamiento en la administración Teoría del desarrollo organizacional (DO) Tecnología y administración Teoría matemática de la administración Teoría de sistemas Teoría de la contingencia ¿Hacia dónde se dirige la TGA?14aADMINISTRACIÓN aPontón Becerril, Susanaetraductor